Central Library OPAC University of Rajshahi

The life of Jonathan Wild / (Record no. 22249)

MARC details
000 -LEADER
fixed length control field 00910nam a2200277 a 4500
001 - CONTROL NUMBER
control field 22249
003 - CONTROL NUMBER IDENTIFIER
rucl marc code BD-RJUL
005 - DATE AND TIME OF LATEST TRANSACTION
control field 20211209000802.0
008 - FIXED-LENGTH DATA ELEMENTS--GENERAL INFORMATION
fixed length control field 140306s19511932enk 000 1 eng
035 ## - SYSTEM CONTROL NUMBER
System control number (BD-RJUL)22314
System control number (OCoLC)863474484
040 ## - CATALOGING SOURCE
Original cataloging agency DLC
Transcribing agency OUN
Modifying agency SER
-- m.c
Language of cataloging eng
041 ## - LANGUAGE CODE
Language code of text/sound track or separate title eng
082 ## - DEWEY DECIMAL CLASSIFICATION NUMBER
Classification number 823
Author mark and year FIL 1951
100 1# - MAIN ENTRY--PERSONAL NAME
Personal name Fielding, Henry,
Dates associated with a name 1707-1754.
9 (RLIN) 68673
245 14 - TITLE STATEMENT
Title The life of Jonathan Wild /
Statement of responsibility, etc. by Henry Fielding
260 ## - PUBLICATION, DISTRIBUTION, ETC. (IMPRINT)
Place of publication, distribution, etc. London :
Name of publisher, distributor, etc. H. Milford, Oxford university press,
Date of publication, distribution, etc. C1932[reprinting 1951]
300 ## - PHYSICAL DESCRIPTION
Pagination 3 p. l., [3] -289, [1] p. ;
Size 16 cm
500 ## - GENERAL NOTE
General note With reproduction of the t.-p. of the original edition, 1743
830 #0 - SERIES ADDED ENTRY--UNIFORM TITLE
Uniform title World's classics
856 41 - ELECTRONIC LOCATION AND ACCESS
Materials specified Bodleian Library 256 f.2752
Uniform Resource Identifier <a href="http://purl.ox.ac.uk/uuid/edb6115593494874966ac15743714918">http://purl.ox.ac.uk/uuid/edb6115593494874966ac15743714918</a>
942 ## - ADDED ENTRY ELEMENTS (KOHA)
Source of classification or shelving scheme Dewey Decimal Classification
Koha item type Books
Holdings
Lost status Source of classification or shelving scheme Damaged status Not for loan Collection code Permanent Location Current Location Shelving location Date acquired Source of acquisition Cost, normal purchase price Total Checkouts Full call number Date last seen Copy number Koha item type
  Dewey Decimal Classification   Added to bundle Fiction Central Library, University of Rajshahi Central Library, University of Rajshahi Reading Room 22/01/1955 M.B.P. dacca 3.20   823 FIL V-3 1951 06/03/2014 C-1 Books
  Dewey Decimal Classification     Fiction Central Library, University of Rajshahi Central Library, University of Rajshahi   25/10/1954 O.U.P 2.13   823 FIL V-3 1951 09/03/2014 C-2 Books